| 000 -CABECERA |
| Longitud fija campo de control |
00688nam a22002417a 4500 |
| 003 - IDENTIFICADOR DEL NÚMERO DE CONTROL |
| Identificador del número de control |
OSt |
| 005 - FECHA Y HORA DE LA ÚLTIMA TRANSACCIÓN |
| Fecha y hora de la última transacción |
20140626132402.0 |
| 008 - CÓDIGOS DE INFORMACIÓN DE LONGITUD FIJA |
| Códigos de información de longitud fija |
130716s2013 sp ||||| |||| 00| 0 spa d |
| 020 ## - NÚMERO INTERNACIONAL NORMALIZADO PARA LIBROS |
| Número Internacional Normalizado para Libros (ISBN) |
9788441532007 |
| 024 ## - OTROS IDENTIFICADORES NORMALIZADOS |
| Fuente del número o código |
DL |
| Número normalizado o código |
9788441532007 |
| 040 ## - FUENTE DE LA CATALOGACIÓN |
| Centro transcriptor |
CPC Lleida |
| 100 ## - PUNTO DE ACCESO PRINCIPAL-NOMBRE DE PERSONA |
| 9 (RLIN) |
3970 |
| Nombre de persona |
Vela García, Dolores |
| 245 10 - MENCIÓN DE TÍTULO |
| Título |
Social media manager |
| Mención de responsabilidad, etc. |
Dolores Vela García |
| 260 ## - PUBLICACIÓN, DISTRIBUCIÓN, ETC. (PIE DE IMPRENTA) |
| Lugar de publicación, distribución, etc. |
Madrid |
| Nombre del editor, distribuidor, etc. |
Anaya |
| Fecha de publicación, distribución, etc. |
2013 |
| 300 ## - DESCRIPCIÓN FÍSICA |
| Extensión |
245 p. |
| Dimensiones |
22 cm |
| 490 ## - MENCIÓN DE SERIE |
| Mención de serie |
Anaya Multimedia. |
| -- |
Social Business |
| 654 ## - PUNTO DE ACCESO ADICIONAL DE MATERIA - TÉRMINO DE MATERIA FACETADOS |
| 9 (RLIN) |
3396 |
| Término principal |
Màrqueting |
| 654 ## - PUNTO DE ACCESO ADICIONAL DE MATERIA - TÉRMINO DE MATERIA FACETADOS |
| 9 (RLIN) |
2798 |
| Término principal |
Comunicació en l'empresa |
| 654 ## - PUNTO DE ACCESO ADICIONAL DE MATERIA - TÉRMINO DE MATERIA FACETADOS |
| 9 (RLIN) |
3137 |
| Término principal |
Web 2.0 |
| 654 ## - PUNTO DE ACCESO ADICIONAL DE MATERIA - TÉRMINO DE MATERIA FACETADOS |
| 9 (RLIN) |
3978 |
| Término principal |
Reputació en línia |
| 654 ## - PUNTO DE ACCESO ADICIONAL DE MATERIA - TÉRMINO DE MATERIA FACETADOS |
| 9 (RLIN) |
4121 |
| Término principal |
Social Media Management |
| 942 ## - ENTRADA DE ELEMENTOS AGREGADOS (KOHA) |
| Fuente de clasificaión o esquema |
|
| Koha [por defecto] tipo de item |
Monografies |